Statistics for Atlético Mineiro Best Scorer By Year

Click here to take the quiz!

General Stats

  • This quiz has been taken 76 times
    (16 since last reset)
  • The average score is 11 of 41

Answer Stats

Player% Correct
Hulk
100%
Paulinho
77%
Diego Tardelli
69%
Bernard
62%
Reinaldo
62%
Reinaldo
62%
Fred
54%
Lucas Pratto
54%
Guilherme
46%
Juan Cazares
46%
Dadá Maravilha
38%
Éder
38%
Éder Luís
38%
Marques
38%
Ricardo Oliveira
38%
Robinho
38%
Keno
31%
Renaldo
31%
Alecsandro
23%
Magno Alves
23%
Paulo Isidoro
15%
Alex Mineiro
8%
Alfinete
8%
André
8%
Danival
8%
Everton
8%
Fábio Júnior
8%
Mancini
8%
Nelinho
8%
Obina
8%
Renato
8%
Valdir Bigode
8%
Edmar
0%
Edu Lima
0%
Gérson
0%
Gilberto Costa
0%
Leandro Almeida
0%
Renato Queiroz
0%
Romeu
0%
Totonho
0%
Valdir Benedito
0%

Score Distribution

Percentile by Number Answered

Percent of People with Each Score

Your Score History

You have not taken this quiz since the last reset